Voices and critique of the African Forum for Envisioning Africa on NEPAD (New Partnership for Africa's Development) : (Record no. 13084)
[ view plain ]
| 000 -LEADER | |
|---|---|
| fixed length control field | 00814nam a22002172 4500 |
| 001 - CONTROL NUMBER | |
| control field | 0000007360 |
| 005 - DATE AND TIME OF LATEST TRANSACTION | |
| control field | 20151217155834.0 |
| 008 - FIXED-LENGTH DATA ELEMENTS--GENERAL INFORMATION | |
| fixed length control field | 080116s xx 000 0 eng d |
| 020 ## - INTERNATIONAL STANDARD BOOK NUMBER | |
| Terms of availability | KES |
| 040 ## - CATALOGING SOURCE | |
| Original cataloging agency | KABU |
| Transcribing agency | KABU |
| 111 2# - MAIN ENTRY--MEETING NAME | |
| Meeting name or jurisdiction name as entry element | African Forum for Envisioning Africa |
| Location of meeting | Nairobi, Kenya : |
| Date of meeting | 2002 : |
| Number of part/section/meeting | 2nd. |
| -- | 0000158580 |
| 245 10 - TITLE STATEMENT | |
| Title | Voices and critique of the African Forum for Envisioning Africa on NEPAD (New Partnership for Africa's Development) : |
| 260 ## - PUBLICATION, DISTRIBUTION, ETC. (IMPRINT) | |
| Place of publication, distribution, etc. | Nairobi : |
| Name of publisher, distributor, etc. | Heinrich Boll Foundation, |
| Date of publication, distribution, etc. | 2002. |
| 300 ## - PHYSICAL DESCRIPTION | |
| Extent | 12 p. |
| 650 #0 - SUBJECT ADDED ENTRY--TOPICAL TERM | |
| Topical term or geographic name as entry element | Africa |
| Topical term following geographic name as entry element | Economic policy |
| Form subdivision | Congresses. |
| -- | 0000158581 |
| 650 #0 - SUBJECT ADDED ENTRY--TOPICAL TERM | |
| Topical term or geographic name as entry element | Economic assistance |
| Form subdivision | Congresses |
| Geographic subdivision | Africa. |
| -- | 0000158582 |
| 700 1# - ADDED ENTRY--PERSONAL NAME | |
| Personal name | Nyong�o, P. Anyang'. |
| -- | 0000158583 |
| 908 ## - PUT COMMAND PARAMETER (RLIN) | |
| Put command parameter | 080116 |
| 950 ## - LOCAL HOLDINGS (RLIN) | |
| -- | 1 |
| Withdrawn status | Lost status | Source of classification or shelving scheme | Not for loan | Home library | Current library | Date acquired | Total Checkouts | Full call number | Barcode | Date last seen | Price effective from | Koha item type |
|---|---|---|---|---|---|---|---|---|---|---|---|---|
| Library of Congress Classification | Kabarak, Main Campus | Kabarak, Main Campus | 17/12/2015 | HC800 .A37 2002 | 011878 | 17/12/2015 | 17/12/2015 | Africana Collection |